000 00481nam a22002177a 4500
003 UA-OsUOA
001 41476
007 ta
008 20080725b un ||||| |||| 00| 0 ukr d
090 _a94(47+57)
_bК85
942 _cBK
040 _aUA-OsUOA
_brus
_cUA-OsUOA
_dUA-OsUOA
245 _aКрым. Врангель. 1920 год
300 _a214 с.
955 _a4
041 _arus
080 _a94(47+57)
260 _aМосква
_c2006
650 7 _2UDC
999 _c439979
_d439979